Iowa Basketball: Leading Scorer Every Year - Statistics

General Stats
  • This quiz has been taken 22 times
  • The average score is 20 of 77
Answer Stats
Year Player Average % Correct
2019-2020 Luka Garza 23.9
100%
2020-2021 Luka Garza 24.1
100%
2021-2022 Keegan Murray 23.5
95%
2022-2023 Kris Murray 20.2
95%
2023-2024 Payton Sandfort 16.4
80%
2014-2015 Aaron White 16.4
70%
2016-2017 Peter Jok 19.9
60%
2012-2013 Devyn Marble 15.0
55%
2013-2014 Devyn Marble 17.0
55%
1985-1986 Roy Marble 12.5
55%
1986-1987 Roy Marble 14.9
55%
1988-1989 Roy Marble 20.5
55%
2017-2018 Tyler Cook 15.3
45%
2018-2019 Tyler Cook 14.5
45%
1987-1988 B.J. Armstrong 17.4
40%
2015-2016 Jarrod Uthoff 18.9
40%
1968-1969 John Johnson 19.7
35%
1969-1970 John Johnson 28.0
35%
1990-1991 Acie Earl 16.3
30%
1991-1992 Acie Earl 19.5
30%
1992-1993 Acie Earl 16.9
30%
2006-2007 Adam Haluska 20.5
30%
1970-1971 Fred Brown 27.6
25%
1995-1996 Jess Settles 15.1
25%
2009-2010 Matt Gatens 12.3
25%
2010-2011 Matt Gatens 12.6
25%
2011-2012 Matt Gatens 15.2
25%
1977-1978 Ronnie Lester 19.9
25%
1978-1979 Ronnie Lester 18.7
25%
1979-1980 Ronnie Lester 14.8
25%
2007-2008 Tony Freeman 13.8
25%
1976-1977 Bruce King 21.0
20%
1959-1960 Don Nelson 15.8
20%
1960-1961 Don Nelson 23.8
20%
1961-1962 Don Nelson 23.8
20%
1971-1972 Rick Williams 19.5
20%
1966-1967 Sam Williams 22.7
20%
1967-1968 Sam Williams 25.3
20%
1996-1997 Andre Woolridge 20.2
15%
1994-1995 Chris Kingsbury 16.8
15%
1998-1999 Dean Oliver 11.9
15%
1999-2000 Dean Oliver 13.6
15%
2005-2006 Greg Brunner 14.1
15%
1982-1983 Greg Stokes 17.7
15%
1983-1984 Greg Stokes 14.9
15%
1984-1985 Greg Stokes 19.9
15%
1953-1954 Bill Logan 14.3
10%
1954-1955 Bill Logan 15.7
10%
1955-1956 Bill Logan 17.7
10%
1981-1982 Bob Hansen 12.0
10%
1950-1951 Chuck Darling 16.3
10%
1951-1952 Chuck Darling 25.5
10%
1972-1973 Kevin Kunnert 19.2
10%
2000-2001 Luke Recker 18.1
10%
2001-2002 Luke Recker 17.1
10%
1952-1953 McKinley Deacon Davis 14.9
10%
1947-1948 Murray Wier 21.0
10%
2003-2004 Pierre Pierce 16.1
10%
2004-2005 Pierre Pierce 17.8
10%
1989-1990 Ray Thompson 19.1
10%
1997-1998 Ricky Davis 15.0
10%
1975-1976 Scott Thompson 19.6
10%
1956-1957 Thomas Payne 12.4
10%
1948-1949 Al Weiss 8.5
5%
1973-1974 Candy LaPrince 19.0
5%
2002-2003 Chauncey Leslie 15.8
5%
1964-1965 Chris Pervall 21.1
5%
1965-1966 Chris Pervall 19.1
5%
1974-1975 Dan Frost 14.7
5%
1957-1958 Dave Gunther 19.8
5%
1958-1959 Dave Gunther 21.9
5%
1962-1963 Dave Roach 12.0
5%
1963-1964 Dave Roach 16.0
5%
1949-1950 Frank Calsbeek 15.1
5%
2008-2009 Jake Kelly 11.6
5%
1993-1994 James Winters 18.0
5%
1980-1981 Vince Brookins 14.7
5%
No matching quizzes found
Score Distribution
Percent of People with Each Score
Percentile by Number Answered
Your Score History
You have not taken this quiz